000
00321nam a2200133Ia 4500
005
20260328101511.0
008
260328s9999||||xx |||||||||||||| ||und||
100
_a
Le Corbusier
245
0
_a
Poema del ángulo recto /
_c
Le Corbusier
260
_b
Multigraficas
300
_a
47 p.
650
_a
Corbusier, Le
942
_c
BK
999
_c
9190
_d
9190